00278nam a2200109Ia 4500008004100000100001800041245004800059260003000107300000900137942000700146999001500153190216s9999||||xx |||||||||||||| ||und|| aNambiar M C K 0aAdvanced Accounting Principles And Practice bM C K Nambir Authorc1999 a704p cBK c5818d5818